[Event "ISL-chT1 1920"]
[Site "Reykjavik"]
[Date "2019.10.05"]
[Round "3.2"]
[White "Thorsteinsdottir, Gudlaug"]
[Black "Thorsteinsson, Arnar"]
[Result "0-1"]
[WhiteElo "1976"]
[BlackElo "2179"]
[PlyCount "86"]
[EventDate "2019.10.03"]
[EventType "team-tourn"]
[EventRounds "9"]
[EventCountry "ISL"]
[SourceTitle "CBM 195 Extra"]
[Source "ChessBase"]
[SourceDate "2020.05.31"]
[SourceVersion "1"]
[SourceVersionDate "2020.05.31"]
[SourceQuality "1"]
[WhiteTeam "Taflfelag Gardjabaejar"]
[BlackTeam "Skakfelag Akureyrar"]
[WhiteTeamCountry "ISL"]
[BlackTeamCountry "ISL"]

1. d4 d5 2. c4 e6 3. Nc3 a6 4. cxd5 exd5 5. Nf3 Nf6 6. Bg5 c6 7. e3 Bd6 8. Bd3 0-0 9. Qc2 h6 10. Bh4 Re8 11. Bg3 Bg4 12. Bxd6 Qxd6 13. Ne5 c5 14. 0-0 c4 15. Bf5 Bxf5 16. Qxf5 Nc6 17. f4 Qe6 18. Qxe6 Rxe6 19. g4 b5 20. Nxc6 Rxc6 21. g5 b4 22. gxf6 bxc3 23. bxc3 Rxf6 24. Rab1 Re8 25. Rfe1 g5 26. fxg5 hxg5 27. Rb7 Kg7 28. Rd7 Rf5 29. Kg2 Re6 30. Rb7 Kg6 31. a4 g4 32. a5 Kg5 33. Rb6 Rf3 34. Rxe6 fxe6 35. e4 Rxc3 36. exd5 exd5 37. Re5+ Kf4 38. Rxd5 Rc2+ 39. Kg1 c3 40. Rc5 Kf3 41. Rf5+ Ke3 42. Rg5 Rd2 43. Rxg4 c2 0-1

[Event "ISL-chT 1718"]
[Site "Reykjavik"]
[Date "2017.10.21"]
[Round "3.3"]
[White "Edvardsson, Kristjan"]
[Black "Thorsteinsson, Arnar"]
[Result "1/2-1/2"]
[WhiteElo "2206"]
[BlackElo "2199"]
[PlyCount "40"]
[EventDate "2017.10.19"]
[EventType "team-tourn"]
[EventRounds "9"]
[EventCountry "ISL"]
[SourceTitle "CBM 181 Extra"]
[Source "ChessBase"]
[SourceDate "2017.12.12"]
[SourceVersion "1"]
[SourceVersionDate "2017.12.12"]
[SourceQuality "1"]
[WhiteTeam "Huginn"]
[BlackTeam "Akureyri"]
[WhiteTeamCountry "ISL"]
[BlackTeamCountry "ISL"]

1. d4 d5 2. c4 e6 3. Nf3 c6 4. g3 Nf6 5. Bg2 Bb4+ 6. Bd2 Qe7 7. 0-0 Nbd7 8. Qc2 Ne4 9. Nc3 Bxc3 10. bxc3 0-0 11. Bf4 b6 12. cxd5 cxd5 13. c4 Bb7 14. cxd5 Bxd5 15. Qb2 Rac8 16. Rac1 h6 17. Ne5 Nxe5 18. Bxe5 f6 19. Bf4 g5 20. Be3 Qb7 1/2-1/2

[Event "Reykjavik op"]
[Site "Reykjavik"]
[Date "2014.03.12"]
[Round "10"]
[White "Thorsteinsson, Arnar"]
[Black "Bjornsson, Sigurbjorn"]
[Result "0-1"]
[WhiteElo "2205"]
[BlackElo "2360"]
[PlyCount "102"]
[EventDate "2014.03.04"]
[EventType "swiss"]
[EventRounds "10"]
[EventCountry "ISL"]
[SourceTitle "CBM 159 Extra"]
[Source "ChessBase"]
[SourceDate "2014.04.24"]
[SourceVersion "1"]
[SourceVersionDate "2014.04.24"]
[SourceQuality "1"]

1. e4 c5 2. Nf3 d6 3. d4 cxd4 4. Nxd4 Nf6 5. Nc3 g6 6. Be3 Bg7 7. h3 0-0 8. Bc4 Nc6 9. Bb3 Bd7 10. 0-0 Rc8 11. Qd2 Ne5 12. Rad1 Nc4 13. Bxc4 Rxc4 14. f3 a6 15. Nb3 Qc7 16. Bd4 Be6 17. Rfe1 b5 18. Re2 b4 19. Nd5 Bxd5 20. exd5 Rc8 21. c3 bxc3 22. Bxc3 Nh5 23. Bxg7 Nxg7 24. g4 e5 25. dxe6 Nxe6 26. Qe1 Nf4 27. Re8+ Rxe8 28. Qxe8+ Kg7 29. Qe3 Nxh3+ 30. Kf1 Nf4 31. Rd4 Ne6 32. Rxc4 Qxc4+ 33. Kf2 Nc5 34. Qd4+ Qxd4+ 35. Nxd4 Nd3+ 36. Ke3 Nxb2 37. Ke4 Na4 38. a3 Nc3+ 39. Kd3 Nb5 40. Nc2 Kf6 41. a4 Nc7 42. Ke4 h5 43. gxh5 gxh5 44. Ne3 Ke6 45. f4 f5+ 46. Kd4 h4 47. Nd1 Nd5 48. Kc4 h3 49. Nf2 h2 50. Nh1 Nxf4 51. Kb4 Nd3+ 0-1

[Event "Reykjavik op"]
[Site "Reykjavik"]
[Date "2014.03.11"]
[Round "9"]
[White "Thorsteinsson, Arnar"]
[Black "Hardarson, Jon Trausti"]
[Result "1-0"]
[WhiteElo "2205"]
[BlackElo "2033"]
[PlyCount "59"]
[EventDate "2014.03.04"]
[EventType "swiss"]
[EventRounds "10"]
[EventCountry "ISL"]
[SourceTitle "CBM 159 Extra"]
[Source "ChessBase"]
[SourceDate "2014.04.24"]
[SourceVersion "1"]
[SourceVersionDate "2014.04.24"]
[SourceQuality "1"]

1. e4 e6 2. d4 d5 3. e5 c5 4. c3 Nc6 5. Nf3 Bd7 6. Bd3 cxd4 7. cxd4 Qb6 8. 0-0 Nb4 9. Be2 Bb5 10. Nc3 Bxe2 11. Qxe2 Nh6 12. Bxh6 gxh6 13. Qb5+ Qxb5 14. Nxb5 Kd7 15. a3 Nc6 16. Rac1 Be7 17. Rc2 Rhg8 18. Nc3 Rg4 19. Rd1 f6 20. h3 Rgg8 21. Ne2 fxe5 22. Nxe5+ Nxe5 23. dxe5 Rac8 24. Rdc1 Rxc2 25. Rxc2 Bd8 26. g3 Bb6 27. Kg2 Rc8 28. Rxc8 Kxc8 29. f4 d4 30. Nc1 1-0

[Event "ISL-chT 1112"]
[Site "Reykjavik"]
[Date "2011.10.08"]
[Round "3.2"]
[White "Halkias, Stelios"]
[Black "Thorsteinsson, Arnar"]
[Result "1-0"]
[WhiteElo "2591"]
[BlackElo "2207"]
[PlyCount "47"]
[EventDate "2011.10.07"]
[EventType "team-tourn"]
[EventRounds "7"]
[EventCountry "ISL"]
[SourceTitle "EXT 2012"]
[Source "ChessBase"]
[SourceDate "2011.11.24"]
[SourceVersion "1"]
[SourceVersionDate "2011.11.24"]
[SourceQuality "1"]
[WhiteTeam "TB"]
[BlackTeam "Matar"]
[WhiteTeamCountry "ISL"]
[BlackTeamCountry "ISL"]

1. c4 Nf6 2. Nf3 e6 3. g3 d5 4. d4 Be7 5. Bg2 0-0 6. 0-0 b6 7. cxd5 exd5 8. Nc3 c6 9. Bf4 Bd6 10. Ne5 Nh5 11. Bd2 Bxe5 12. dxe5 g6 13. Bh6 Re8 14. Nxd5 Rxe5 15. Nf4 Qf6 16. Qd4 Nd7 17. Nxh5 gxh5 18. Bf4 Re6 19. Rfd1 Nf8 20. Qxf6 Rxf6 21. Rd8 Bb7 22. Rxa8 Bxa8 23. Rd1 Bb7 24. Rd8 1-0

[Event "ISL-chT 1112"]
[Site "Reykjavik"]
[Date "2011.10.08"]
[Round "2.3"]
[White "Thorsteinsson, Arnar"]
[Black "Bekker Jensen, Simon"]
[Result "0-1"]
[WhiteElo "2207"]
[BlackElo "2409"]
[PlyCount "104"]
[EventDate "2011.10.07"]
[EventType "team-tourn"]
[EventRounds "7"]
[EventCountry "ISL"]
[SourceTitle "EXT 2012"]
[Source "ChessBase"]
[SourceDate "2011.11.24"]
[SourceVersion "1"]
[SourceVersionDate "2011.11.24"]
[SourceQuality "1"]
[WhiteTeam "Matar"]
[BlackTeam "TR"]
[WhiteTeamCountry "ISL"]
[BlackTeamCountry "ISL"]

1. e4 c5 2. Nf3 d6 3. d4 Nf6 4. Nc3 cxd4 5. Nxd4 a6 6. Bg5 e6 7. Qd3 Nbd7 8. f4 Qc7 9. 0-0-0 Be7 10. Be2 h6 11. Bxf6 Bxf6 12. Bf3 Nc5 13. Qe3 Bd7 14. Kb1 Rc8 15. h4 b5 16. g4 b4 17. Nce2 e5 18. fxe5 Bxe5 19. g5 Ne6 20. Rd2 h5 21. Rhd1 g6 22. Nf5 gxf5 23. exf5 Nc5 24. Rxd6 Nd3 25. Qxd3 Bxd6 26. Qxd6 Bxf5 27. Bc6+ Qxc6 28. Qe5+ Qe6 29. Qxh8+ Ke7 30. Qf6+ Qxf6 31. gxf6+ Kxf6 32. Nd4 Be4 33. Rf1+ Ke5 34. Nf3+ Bxf3 35. Rxf3 f5 36. Kc1 Rc4 37. Rh3 Rd4 38. c3 bxc3 39. bxc3 Rd6 40. Kc2 f4 41. c4 Ke4 42. Kc3 f3 43. Rh1 f2 44. c5 Rg6 45. Rf1 Ke3 46. Kc4 Ke2 47. Rb1 f1Q 48. Rxf1 Kxf1 49. Kd5 Kf2 50. c6 Kg3 51. c7 Rg8 52. Kc6 Kxh4 0-1

[Event "ISL-chT 1112"]
[Site "Reykjavik"]
[Date "2011.10.07"]
[Round "1.3"]
[White "Lagerman, Robert"]
[Black "Thorsteinsson, Arnar"]
[Result "1/2-1/2"]
[WhiteElo "2325"]
[BlackElo "2207"]
[PlyCount "103"]
[EventDate "2011.10.07"]
[EventType "team-tourn"]
[EventRounds "7"]
[EventCountry "ISL"]
[SourceTitle "EXT 2012"]
[Source "ChessBase"]
[SourceDate "2011.11.24"]
[SourceVersion "1"]
[SourceVersionDate "2011.11.24"]
[SourceQuality "1"]
[WhiteTeam "Hellir"]
[BlackTeam "Matar"]
[WhiteTeamCountry "ISL"]
[BlackTeamCountry "ISL"]

1. e4 c5 2. Nf3 d6 3. Bb5+ Bd7 4. Bxd7+ Nxd7 5. 0-0 Ngf6 6. d3 g6 7. Nh4 Bg7 8. f4 0-0 9. Nc3 Rb8 10. Qe1 Qc7 11. Nf3 e6 12. Qh4 b5 13. f5 b4 14. Ne2 exf5 15. exf5 Rbe8 16. Ng3 d5 17. Kh1 Qc6 18. Bf4 d4 19. Bh6 Bxh6 20. Qxh6 Ng4 21. Qh4 Ne3 22. Rf2 gxf5 23. Qf4 Re6 24. Nh4 Qd6 25. Qg5+ Rg6 26. Qh5 Rh6 27. Qg5+ Rg6 28. Nxg6 fxg6 29. Nf1 h6 30. Qxh6 Ng4 31. Qf4 Nxf2+ 32. Qxf2 Re8 33. Nd2 Nf6 34. Nc4 Qe6 35. h3 Nd5 36. a3 bxa3 37. Rxa3 Qe1+ 38. Qxe1 Rxe1+ 39. Kh2 Re2 40. Kg3 Nb6 41. Nd6 Rxc2 42. Rxa7 c4 43. Nxc4 Nxc4 44. dxc4 Rxc4 45. Kf4 d3+ 46. Kg5 Rd4 47. Ra1 d2 48. Rd1 Kf7 49. b4 Rd6 50. Kf4 Rd4+ 51. Ke3 Rxb4 52. Rxd2 1/2-1/2

[Event "ISL-chT2 1011"]
[Site "Reykjavik"]
[Date "2010.10.09"]
[Round "3.3"]
[White "Thorsteinsson, Arnar"]
[Black "Magnusson, Gunnar1111"]
[Result "0-1"]
[WhiteElo "2217"]
[BlackElo "2100"]
[PlyCount "139"]
[EventDate "2010.10.08"]
[EventType "team"]
[EventRounds "7"]
[EventCountry "ISL"]
[SourceTitle "EXT 2014"]
[Source "ChessBase"]
[SourceDate "2013.11.20"]
[SourceVersion "1"]
[SourceVersionDate "2013.11.20"]
[SourceQuality "1"]

1. e4 d6 2. d4 Nf6 3. Nc3 c6 4. f3 Qc7 5. Be3 b5 6. Qd2 e5 7. g4 a6 8. g5 Nfd7 9. Nge2 Nb6 10. Ng3 N8d7 11. Be2 Bb7 12. a3 g6 13. f4 c5 14. d5 exf4 15. Bxf4 Bg7 16. Bxb5 0-0 17. Be2 Ne5 18. b3 Bc8 19. 0-0 Bh3 20. Rf2 Rfe8 21. Re1 Nbd7 22. Bf1 Bxf1 23. Rfxf1 Rab8 24. Nd1 a5 25. Ne3 Qb6 26. Kg2 Rec8 27. Rb1 Qa6 28. Qe2 Qb6 29. Nc4 Nxc4 30. Qxc4 Re8 31. h4 Ne5 32. Bxe5 Bxe5 33. Rbe1 Qd8 34. Qe2 Qd7 35. Qf3 Rb7 36. Re2 a4 37. Nh1 Reb8 38. Re3 Bd4 39. Rd3 axb3 40. cxb3 Qe7 41. Nf2 h6 42. Nh3 h5 43. b4 Re8 44. Re1 Qe5 45. Qg3 Qe7 46. Rb3 c4 47. Rbb1 Ra8 48. Rbd1 Be5 49. Qf3 Rba7 50. Re3 c3 51. Nf2 Rxa3 52. Rc1 Ra2 53. Re2 R8a3 54. Rcc2 Rxc2 55. Rxc2 Bd4 56. Nd3 Ra1 57. Nc1 Rb1 58. Ne2 Rxb4 59. Qd3 Bg7 60. Kf3 Qe5 61. Nf4 Rb1 62. Rg2 Rh1 63. Kg3 Qe8 64. Qf3 Be5 65. Rf2 Qc8 66. Kg2 Rxh4 67. Nxg6 Qg4+ 68. Kf1 Qxf3 69. Ne7+ Kf8 70. Rxf3 0-1

[Event "ISL-chT 0910"]
[Site "Reykjavik"]
[Date "2009.09.25"]
[Round "1"]
[White "Kristinardottir, Elsa Maria"]
[Black "Thorsteinsson, Arnar"]
[Result "0-1"]
[WhiteElo "1766"]
[BlackElo "2225"]
[PlyCount "70"]
[EventDate "2009.09.25"]
[EventType "team-tourn"]
[EventRounds "7"]
[EventCountry "ISL"]
[SourceTitle "CBM 132 Extra"]
[Source "ChessBase"]
[SourceDate "2009.11.03"]
[SourceVersion "1"]
[SourceVersionDate "2009.11.03"]
[SourceQuality "1"]

1. e4 c5 2. Nf3 d6 3. Bb5+ Bd7 4. Bxd7+ Nxd7 5. Nc3 g6 6. 0-0 Bg7 7. d3 Ngf6 8. Re1 0-0 9. h3 Rb8 10. Bf4 e5 11. Bg5 h6 12. Bxf6 Nxf6 13. a4 a6 14. a5 Re8 15. Qd2 d5 16. Na4 Rc8 17. Nb6 Rc6 18. Qc3 c4 19. exd5 Nxd5 20. Nxd5 e4 21. Qb4 Qxd5 22. Qxb7 Qb5 23. Qd7 Rce6 24. Qxb5 axb5 25. Rxe4 Rxe4 26. dxe4 Bxb2 27. Ra2 Bc3 28. a6 b4 29. a7 Ra8 30. Ra6 b3 31. cxb3 cxb3 32. Rb6 b2 33. Rb8+ Kg7 34. Rb7 Rxa7 35. Rxa7 b1Q+ 0-1

[Event "Oz.com qual blitz"]
[Site "ICC INT"]
[Date "2000.03.05"]
[Round "2"]
[White "Furdzik, Rafal"]
[Black "Thorsteinsson, Arnar"]
[Result "1-0"]
[WhiteElo "2188"]
[BlackElo "2272"]
[PlyCount "127"]
[EventDate "2000.03.05"]
[EventType "swiss (blitz)"]
[EventRounds "9"]
[EventCountry "USA"]
[SourceTitle "EXT 2001"]
[Source "ChessBase"]
[SourceDate "2000.11.22"]
[SourceVersion "1"]
[SourceVersionDate "2000.11.22"]
[SourceQuality "1"]

1. e4 c5 2. c3 g6 3. d4 cxd4 4. cxd4 d6 5. Nc3 Bg7 6. Be3 Nf6 7. f3 0-0 8. Bd3 Nc6 9. Rc1 Bd7 10. Nge2 a6 11. 0-0 Rc8 12. Qd2 b5 13. Ng3 h5 14. Rfd1 h4 15. Nge2 Nh5 16. f4 e5 17. fxe5 dxe5 18. d5 Nd4 19. Bg5 Qb6 20. Nxd4 exd4 21. Ne2 h3 22. g3 f5 23. Rxc8 Bxc8 24. exf5 Bxf5 25. Nf4 Nxf4 26. Bxf4 Qc5 27. Bh6 Qxd5 28. Bxg7 Kxg7 29. Bxf5 Rxf5 30. Qxd4+ Qxd4+ 31. Rxd4 Rc5 32. Rd2 Kf6 33. Kf2 g5 34. g4 Ke5 35. Kg3 Ke4 36. Kxh3 a5 37. Kg3 Ke3 38. Rf2 Ke4 39. h4 gxh4+ 40. Kxh4 a4 41. a3 Kd3 42. g5 Rc2 43. Rxc2 Kxc2 44. g6 Kxb2 45. g7 Kxa3 46. g8Q b4 47. Qf8 Kb3 48. Qf3+ Ka2 49. Qe2+ Ka3 50. Qe7 Kb3 51. Qe3+ Ka2 52. Qd2+ Ka3 53. Qd6 Kb3 54. Qd3+ Kb2 55. Qd2+ Kb3 56. Kg4 a3 57. Kf4 a2 58. Qc1 Ka4 59. Ke4 Kb3 60. Kd4 a1Q+ 61. Qxa1 Kc2 62. Qa2+ Kc1 63. Kc4 b3 64. Kxb3 1-0

[Event "Oz.com qual blitz"]
[Site "ICC INT"]
[Date "2000.03.05"]
[Round "9"]
[White "Thorsteinsson, Arnar"]
[Black "MacArthur, John"]
[Result "1-0"]
[WhiteElo "2272"]
[BlackElo "2150"]
[PlyCount "65"]
[EventDate "2000.03.05"]
[EventType "swiss (blitz)"]
[EventRounds "9"]
[EventCountry "USA"]
[SourceTitle "EXT 2001"]
[Source "ChessBase"]
[SourceDate "2000.11.22"]
[SourceVersion "1"]
[SourceVersionDate "2000.11.22"]
[SourceQuality "1"]

1. e4 c5 2. Nf3 d6 3. d4 cxd4 4. Nxd4 Nf6 5. Nc3 a6 6. Bg5 e6 7. f4 Nbd7 8. Qf3 Qc7 9. 0-0-0 b5 10. Bd3 Bb7 11. Bxf6 gxf6 12. Qh5 Nc5 13. f5 0-0-0 14. Kb1 Kb8 15. Qh4 h5 16. a3 Be7 17. Rhf1 e5 18. Nb3 d5 19. Nxc5 Qxc5 20. exd5 Bxd5 21. Nxd5 Rxd5 22. Be4 Rd4 23. Rxd4 Qxd4 24. c3 Qc4 25. Rd1 Rc8 26. Qe1 Bxa3 27. Bd5 Qf4 28. bxa3 Qxf5+ 29. Kb2 Qf4 30. g3 Qg4 31. Qe3 Kc7 32. Qc5+ Kd8 33. Bf3+ 1-0

[Event "Oz.com qual blitz"]
[Site "ICC INT"]
[Date "2000.03.05"]
[Round "3"]
[White "Thorsteinsson, Arnar"]
[Black "Moll, Arne"]
[Result "1-0"]
[WhiteElo "2272"]
[BlackElo "2167"]
[PlyCount "91"]
[EventDate "2000.03.05"]
[EventType "swiss (blitz)"]
[EventRounds "9"]
[EventCountry "USA"]
[SourceTitle "EXT 2001"]
[Source "ChessBase"]
[SourceDate "2000.11.22"]
[SourceVersion "1"]
[SourceVersionDate "2000.11.22"]
[SourceQuality "1"]

1. e4 d5 2. d4 Nc6 3. e5 h5 4. c3 Bg4 5. Qb3 Rb8 6. Bd3 Nh6 7. Qc2 h4 8. h3 Bh5 9. Bg5 Qd7 10. Bxh4 f6 11. f4 Bf7 12. Nf3 Rg8 13. 0-0 e6 14. exf6 gxf6 15. Bxf6 Be7 16. Ne5 Nxe5 17. fxe5 c5 18. Na3 c4 19. Bh7 Nf5 20. Bxf5 exf5 21. Qxf5 Qxf5 22. Rxf5 Bxa3 23. bxa3 Be6 24. Rh5 Kd7 25. Rh7+ Kc6 26. Kh2 a5 27. g4 Kb5 28. Rb1+ Ka4 29. Rbxb7 Kxa3 30. Rxb8 Rxb8 31. Ra7 a4 32. Be7+ Kb2 33. Rxa4 Kxc3 34. Ra6 Bc8 35. Rc6 Kxd4 36. e6 Kd3 37. Bf6 d4 38. Rd6 Bxe6 39. Rxd4+ Ke3 40. Rd6 Bg8 41. Kg3 Rc8 42. Bc3 Rf8 43. g5 Rf3+ 44. Kg4 Ke2 45. Rd2+ Kf1 46. Kxf3 1-0

[Event "ISL-chT 9798"]
[Site "Iceland"]
[Date "1998.??.??"]
[Round "?"]
[White "Thorsteinsson, Arnar"]
[Black "Jensson, Einar Hjalti"]
[Result "1/2-1/2"]
[WhiteElo "2275"]
[BlackElo "2225"]
[PlyCount "34"]
[EventDate "1997.??.??"]
[EventType "team"]
[EventRounds "9"]
[EventCountry "ISL"]
[SourceTitle "EXT 2000"]
[Source "ChessBase"]
[SourceDate "1999.11.16"]
[SourceVersion "1"]
[SourceVersionDate "1999.11.16"]
[SourceQuality "1"]

1. e4 e5 2. Nf3 Nc6 3. d4 exd4 4. Bc4 Nf6 5. 0-0 Nxe4 6. Re1 d5 7. Bxd5 Qxd5 8. Nc3 Qh5 9. Nxe4 Be6 10. Bg5 Bb4 11. Nxd4 Qxd1 12. Rexd1 Nxd4 13. Rxd4 Be7 14. Re1 Rd8 15. Rxd8+ Bxd8 16. Bxd8 Kxd8 17. Nc5 Bc8 1/2-1/2

[Event "ISL-ch"]
[Site "Akureyri"]
[Date "1997.09.19"]
[Round "10"]
[White "Bjarnason, Saevar"]
[Black "Thorsteinsson, Arnar"]
[Result "1-0"]
[WhiteElo "2265"]
[BlackElo "2285"]
[PlyCount "91"]
[EventDate "1997.09.09"]
[EventType "tourn"]
[EventRounds "11"]
[EventCountry "ISL"]
[EventCategory "5"]
[SourceTitle "CBM 059 Extra"]
[Source "ChessBase"]
[SourceDate "1997.09.26"]
[SourceVersion "1"]
[SourceVersionDate "1997.09.26"]
[SourceQuality "1"]

1. c4 Nf6 2. g3 c5 3. Bg2 g6 4. Nf3 Nc6 5. d4 cxd4 6. Nxd4 Bg7 7. Nc3 0-0 8. 0-0 Qb6 9. Nc2 d6 10. b3 Be6 11. Rb1 Qc7 12. Bb2 a5 13. Ne3 Qd7 14. Ncd5 Bxd5 15. cxd5 Nb4 16. Qd2 b6 17. Bd4 Qb7 18. Rfc1 Rac8 19. a3 Rxc1+ 20. Rxc1 Na6 21. Qc3 Nc5 22. Ng4 Nfe4 23. Bxe4 Nxe4 24. Qb2 f6 25. f3 Ng5 26. h4 Nf7 27. Ne3 Bh6 28. f4 Qd7 29. Kg2 e5 30. dxe6 Qxe6 31. Qc2 b5 32. Qd3 a4 33. bxa4 bxa4 34. Rc4 Ra8 35. Bc3 Bf8 36. Nd5 Bg7 37. Nc7 Qc8 38. Nxa8 Qxa8+ 39. Qf3 d5 40. Rc5 Qa6 41. Qd3 Qe6 42. Rxd5 Bf8 43. e4 Bxa3 44. Bxf6 Bf8 45. Bb2 Qg4 46. Ra5 1-0

[Event "ISL-ch"]
[Site "Akureyri"]
[Date "1997.09.18"]
[Round "9"]
[White "Thorhallsson, Throstur"]
[Black "Thorsteinsson, Arnar"]
[Result "1-0"]
[WhiteElo "2510"]
[BlackElo "2285"]
[PlyCount "85"]
[EventDate "1997.09.09"]
[EventType "tourn"]
[EventRounds "11"]
[EventCountry "ISL"]
[EventCategory "5"]
[SourceTitle "CBM 059 Extra"]
[Source "ChessBase"]
[SourceDate "1997.09.26"]
[SourceVersion "1"]
[SourceVersionDate "1997.09.26"]
[SourceQuality "1"]

1. d4 d5 2. c4 e6 3. Nc3 c6 4. Nf3 Nf6 5. e3 Ne4 6. Nxe4 dxe4 7. Nd2 f5 8. f3 Bd6 9. g3 0-0 10. fxe4 e5 11. Bg2 exd4 12. exd4 fxe4 13. Nxe4 Bb4+ 14. Bd2 Na6 15. a3 Ba5 16. Bxa5 Qxa5+ 17. b4 Nxb4 18. axb4 Qxb4+ 19. Qd2 Qxc4 20. Qa2 Be6 21. Qxc4 Bxc4 22. Nd6 Bb3 23. Rb1 Rad8 24. Rxb3 Rxd6 25. d5 b6 26. Ke2 cxd5 27. Rd1 d4 28. Be4 g6 29. Rb4 Rfd8 30. Kd3 Kg7 31. Ra1 R8d7 32. Rba4 a5 33. Rb1 Kf6 34. Rc4 Ke7 35. Bc6 Ra7 36. Rxb6 a4 37. Rxa4 Rxa4 38. Rb7+ Kf6 39. Bxa4 h5 40. Rb4 Kg5 41. Bd1 h4 42. Rb5+ Kh6 43. g4 1-0

[Event "ISL-ch"]
[Site "Akureyri"]
[Date "1997.09.17"]
[Round "8"]
[White "Thorsteinsson, Arnar"]
[Black "Thorsteinsson, Thorsteinn"]
[Result "0-1"]
[WhiteElo "2285"]
[BlackElo "2305"]
[PlyCount "82"]
[EventDate "1997.09.09"]
[EventType "tourn"]
[EventRounds "11"]
[EventCountry "ISL"]
[EventCategory "5"]
[SourceTitle "CBM 059 Extra"]
[Source "ChessBase"]
[SourceDate "1997.09.26"]
[SourceVersion "1"]
[SourceVersionDate "1997.09.26"]
[SourceQuality "1"]

1. e4 c5 2. Nf3 d6 3. d4 cxd4 4. Nxd4 Nf6 5. Nc3 g6 6. g3 Nc6 7. Nde2 b6 8. Bg2 Bb7 9. 0-0 Bg7 10. a4 0-0 11. h3 Rc8 12. Be3 Ba8 13. Rc1 Ne5 14. b3 Ned7 15. Nd5 e6 16. Ndc3 Nc5 17. Nb5 Nfxe4 18. Nxa7 Rc7 19. Nb5 Rd7 20. c3 d5 21. Qc2 e5 22. b4 Ne6 23. Bxe4 dxe4 24. Rcd1 Rd3 25. Nc1 Qf6 26. Qe2 Rxd1 27. Rxd1 h5 28. Nd6 Nf4 29. Qf1 Rd8 30. gxf4 exf4 31. Nxe4 Bxe4 32. Rxd8+ Qxd8 33. Bxf4 Qf6 34. Bb8 Qf3 35. Kh2 Bh6 36. Ne2 Bd3 37. Nd4 Bf4+ 38. Kg1 Qe4 39. f3 Qe3+ 40. Qf2 Qc1+ 41. Kg2 Bxb8 0-1